[Event "DEN-ch Blitz op"]
[Site "Avedore"]
[Date "2023.05.14"]
[Round "7"]
[White "Lauridsen, Jesper Morch"]
[Black "Fedder, Steen"]
[Result "1/2-1/2"]
[WhiteElo "2304"]
[BlackElo "2380"]
[PlyCount "92"]
[EventDate "2023.05.14"]
[EventType "swiss (blitz)"]
[EventRounds "13"]
[EventCountry "DEN"]
[SourceTitle "CBM 214 Extra"]
[Source "ChessBase"]
[SourceDate "2023.07.31"]
[SourceVersion "1"]
[SourceVersionDate "2023.07.31"]
[SourceQuality "1"]

1. e4 e5 2. Nf3 Nc6 3. Bb5 Nf6 4. 0-0 Nxe4 5. d4 Nd6 6. Bxc6 dxc6 7. dxe5 Nf5 8. Qxd8+ Kxd8 9. Rd1+ Ke8 10. h3 h5 11. Nc3 Be7 12. Ne2 h4 13. Bg5 Bxg5 14. Nxg5 Ke7 15. Rd3 Be6 16. Rad1 Rhd8 17. Rxd8 Rxd8 18. Rxd8 Kxd8 19. Nxe6+ fxe6 20. g4 hxg3 21. fxg3 Ne3 22. Nd4 Ke7 23. b3 c5 24. Nb5 c6 25. Nd6 b6 26. c4 Nc2 27. Nc8+ Kd7 28. Nd6 Nb4 29. a4 Nd3 30. Nf7 Ke7 31. Ng5 Nxe5 32. Ne4 Nf3+ 33. Kf2 Nd4 34. Nd2 Kf6 35. Ke3 Nf5+ 36. Kf4 Nd4 37. a5 Ne2+ 38. Kf3 Nd4+ 39. Ke4 Nf5 40. axb6 axb6 41. g4 Nd6+ 42. Kf4 g5+ 43. Ke3 Nb7 44. Ne4+ Kg6 45. Kd3 Na5 46. Kc3 Nb7 1/2-1/2

[Event "DEN-ch Blitz op"]
[Site "Avedore"]
[Date "2023.05.14"]
[Round "11"]
[White "Pedersen, Daniel Vesterbaek"]
[Black "Lauridsen, Jesper Morch"]
[Result "1-0"]
[WhiteElo "2173"]
[BlackElo "2304"]
[PlyCount "52"]
[EventDate "2023.05.14"]
[EventType "swiss (blitz)"]
[EventRounds "13"]
[EventCountry "DEN"]
[SourceTitle "CBM 214 Extra"]
[Source "ChessBase"]
[SourceDate "2023.07.31"]
[SourceVersion "1"]
[SourceVersionDate "2023.07.31"]
[SourceQuality "1"]

1. e4 e5 2. Nf3 Nf6 3. Nc3 Bb4 4. d3 d5 5. exd5 Bxc3+ 6. bxc3 Qxd5 7. c4 Qd6 8. Rb1 e4 9. Nd2 Bf5 10. dxe4 Nxe4 11. Nxe4 Qxd1+ 12. Kxd1 Bxe4 13. f3 Bc6 14. Ba3 Nd7 15. Be2 Ne5 16. Kd2 0-0-0+ 17. Kc3 Rhe8 18. Rhe1 Ng6 19. Rbd1 Rxd1 20. Rxd1 Rxe2 21. Rg1 Nf4 22. g3 Nh3 23. Rf1 Re3+ 24. Kb2 Rxf3 25. Re1 b6 26. Re7 Nf2 1-0

[Event "DEN-ch Rapid op"]
[Site "Avedore"]
[Date "2023.05.13"]
[Round "7"]
[White "Lauridsen, Jesper Morch"]
[Black "Ost Hansen, Jacob"]
[Result "1-0"]
[WhiteElo "2304"]
[BlackElo "2338"]
[PlyCount "55"]
[EventDate "2023.05.13"]
[EventType "swiss (rapid)"]
[EventRounds "7"]
[EventCountry "DEN"]
[SourceTitle "CBM 214 Extra"]
[Source "ChessBase"]
[SourceDate "2023.07.31"]
[SourceVersion "1"]
[SourceVersionDate "2023.07.31"]
[SourceQuality "1"]

1. e4 c5 2. Nf3 e6 3. d4 cxd4 4. Nxd4 Nc6 5. Nc3 a6 6. g3 Nge7 7. Nb3 d6 8. Bg2 Bd7 9. 0-0 Nc8 10. f4 Be7 11. Kh1 b5 12. Qh5 0-0 13. g4 g6 14. Qh3 Nb6 15. f5 Nc4 16. Bh6 Re8 17. Rf2 N4e5 18. Raf1 Bg5 19. f6 Nxg4 20. Bxg5 Nxf2+ 21. Rxf2 h5 22. Bf3 Kh7 23. Bxh5 Rh8 24. Bxg6+ Kxg6 25. Qg3 Qg8 26. Be3+ Kh5 27. Qh3+ Kg6 28. Qg4+ 1-0

[Event "Titled Tuesday intern op 11th Apr Early"]
[Site "Chess.com INT"]
[Date "2023.04.11"]
[Round "1"]
[White "Ozates, Tuna"]
[Black "Lauridsen, Jesper Morch"]
[Result "1-0"]
[WhiteElo "2251"]
[BlackElo "2309"]
[PlyCount "49"]
[EventDate "2023.04.11"]
[EventType "swiss (blitz)"]
[EventRounds "11"]
[EventCountry "USA"]
[SourceTitle "CBM 213 Extra"]
[Source "ChessBase"]
[SourceDate "2023.05.31"]
[SourceVersion "1"]
[SourceVersionDate "2023.05.31"]
[SourceQuality "1"]

1. e4 e6 2. d4 d5 3. exd5 exd5 4. Bd3 c5 5. dxc5 Bxc5 6. Nf3 Nc6 7. h3 Nge7 8. 0-0 0-0 9. a3 Qd6 10. Nc3 Ng6 11. Bxg6 Qxg6 12. Nxd5 Rd8 13. Bg5 f6 14. Bh4 Bxh3 15. Nf4 Qg4 16. Nxh3 Rxd1 17. Raxd1 g5 18. b4 Bb6 19. b5 Ne7 20. Rfe1 Re8 21. Nhxg5 fxg5 22. Bxg5 Kf8 23. Rd6 Nf5 24. Rf6+ Kg7 25. Rxe8 1-0

[Event "Titled Tuesday intern op 28th Mar Early"]
[Site "Chess.com INT"]
[Date "2023.03.28"]
[Round "2"]
[White "Vivas Zamora, Fabian Ernesto"]
[Black "Lauridsen, Jesper Morch"]
[Result "1/2-1/2"]
[WhiteElo "2346"]
[BlackElo "2281"]
[PlyCount "106"]
[EventDate "2023.03.28"]
[EventType "swiss (blitz)"]
[EventRounds "11"]
[EventCountry "USA"]
[SourceTitle "EXT 2024"]
[Source "ChessBase"]
[SourceDate "2023.10.10"]
[SourceVersion "1"]
[SourceVersionDate "2023.10.10"]
[SourceQuality "1"]

1. e4 e5 2. Nf3 Nf6 3. d4 Nxe4 4. Bd3 d5 5. Nxe5 Nd7 6. Nc3 Nxc3 7. bxc3 Nxe5 8. dxe5 Bc5 9. 0-0 Be6 10. Qh5 g6 11. Qh6 Bf8 12. Qf4 Bg7 13. Ba3 Qd7 14. Rab1 b6 15. c4 dxc4 16. Be4 0-0-0 17. Qf3 Bxe5 18. Bc6 Qd4 19. Be7 Qf4 20. Qxf4 Bxf4 21. Bxd8 Rxd8 22. Rbd1 Rxd1 23. Rxd1 c3 24. Bd5 Bf5 25. Bb3 Bd2 26. f3 h5 27. Kf2 c5 28. Ke2 b5 29. Bxf7 Bxc2 30. Rxd2 cxd2 31. Kxd2 Bb1 32. a3 a5 33. g4 hxg4 34. fxg4 b4 35. Kc1 Be4 36. Kb2 Kd7 37. h4 Ke7 38. Bb3 Bf3 39. g5 Be2 40. Bc2 Bh5 41. axb4 axb4 42. Bd3 Bd1 43. Bxg6 Kf8 44. Bd3 Kg7 45. Bc4 Bf3 46. Bd3 Bg2 47. Kb3 Bd5+ 48. Bc4 Bxc4+ 49. Kxc4 Kg6 50. Kb3 Kh5 51. Kc4 Kg6 52. Kb3 Kh5 53. Kc4 Kg6 1/2-1/2

[Event "Titled Tuesday intern op 21st Mar Late"]
[Site "Chess.com INT"]
[Date "2023.03.21"]
[Round "6"]
[White "Lauridsen, Jesper Morch"]
[Black "Khandelwal, Ankush"]
[Result "1-0"]
[WhiteElo "2251"]
[BlackElo "2255"]
[PlyCount "69"]
[EventDate "2023.03.21"]
[EventType "swiss (blitz)"]
[EventRounds "11"]
[EventCountry "USA"]
[SourceTitle "EXT 2024"]
[Source "ChessBase"]
[SourceDate "2023.10.10"]
[SourceVersion "1"]
[SourceVersionDate "2023.10.10"]
[SourceQuality "1"]

1. e4 c5 2. Nf3 d6 3. d4 cxd4 4. Nxd4 Nf6 5. Nc3 Nc6 6. Bc4 e6 7. Be3 Be7 8. Bb3 0-0 9. 0-0 a6 10. f4 Nxd4 11. Bxd4 b5 12. e5 dxe5 13. fxe5 Nd7 14. Ne4 Bb7 15. Nd6 Bxd6 16. exd6 Qg5 17. Rf2 a5 18. a4 b4 19. Qe2 Qg6 20. Raf1 Ra6 21. h4 Rxd6 22. h5 Qg5 23. Be3 Qe5 24. h6 g6 25. Re1 Bd5 26. Qf1 Qxb2 27. Bxd5 Rxd5 28. c4 bxc3 29. Rxb2 cxb2 30. Rb1 Rb8 31. Qf4 e5 32. Qf2 Rd3 33. Rxb2 Rxb2 34. Qxb2 Rxe3 35. Qd2 1-0

[Event "Titled Tuesday intern op 21st Mar Late"]
[Site "Chess.com INT"]
[Date "2023.03.21"]
[Round "7"]
[White "Miszler, Levente"]
[Black "Lauridsen, Jesper Morch"]
[Result "0-1"]
[WhiteElo "2260"]
[BlackElo "2251"]
[PlyCount "76"]
[EventDate "2023.03.21"]
[EventType "swiss (blitz)"]
[EventRounds "11"]
[EventCountry "USA"]
[SourceTitle "EXT 2024"]
[Source "ChessBase"]
[SourceDate "2023.10.10"]
[SourceVersion "1"]
[SourceVersionDate "2023.10.10"]
[SourceQuality "1"]

1. Nf3 Nf6 2. c4 g6 3. g3 Bg7 4. Bg2 0-0 5. 0-0 c5 6. Nc3 Nc6 7. d3 d6 8. a3 a5 9. Rb1 Bg4 10. Ne1 Qd7 11. Nc2 Bh3 12. b4 axb4 13. axb4 Bxg2 14. Kxg2 cxb4 15. Nxb4 Nxb4 16. Rxb4 Qc6+ 17. Kg1 Nd7 18. Nd5 Rfe8 19. Be3 e6 20. Nb6 Ra1 21. Rb1 Rxb1 22. Qxb1 Nxb6 23. Bxb6 Ra8 24. Qb3 Ra1 25. Rxa1 Bxa1 26. d4 Qe4 27. e3 e5 28. Qa2 Bc3 29. Qa3 exd4 30. exd4 Qe1+ 31. Kg2 Qe4+ 32. f3 Qe2+ 33. Kh3 Qxf3 34. Qxd6 Bd2 35. d5 Qf1+ 36. Kh4 g5+ 37. Kg4 h5+ 38. Kxh5 Qh3# 0-1

[Event "Titled Tuesday intern op 21st Mar Late"]
[Site "Chess.com INT"]
[Date "2023.03.21"]
[Round "1"]
[White "Sivakumar, Shaaketh"]
[Black "Lauridsen, Jesper Morch"]
[Result "1-0"]
[WhiteElo "2337"]
[BlackElo "2251"]
[PlyCount "101"]
[EventDate "2023.03.21"]
[EventType "swiss (blitz)"]
[EventRounds "11"]
[EventCountry "USA"]
[SourceTitle "EXT 2024"]
[Source "ChessBase"]
[SourceDate "2023.10.10"]
[SourceVersion "1"]
[SourceVersionDate "2023.10.10"]
[SourceQuality "1"]

1. e4 c5 2. Nf3 d6 3. d4 cxd4 4. Qxd4 Nc6 5. Bb5 Bd7 6. Qd3 Nf6 7. c4 a6 8. Bxc6 Bxc6 9. Nc3 b5 10. cxb5 axb5 11. Nd4 Qd7 12. Nxc6 Qxc6 13. Qxb5 Qxb5 14. Nxb5 Ra4 15. f3 e6 16. Bf4 d5 17. 0-0-0 Rxa2 18. Kb1 Ra5 19. Nc7+ Kd7 20. exd5 exd5 21. Be5 Bd6 22. Bxf6 Bxc7 23. Bxg7 Rg8 24. Bc3 Rb5 25. g3 h5 26. Rd3 h4 27. g4 h3 28. Rhd1 Kc6 29. R3d2 Bf4 30. Rc2 Kb7 31. Re1 Rc8 32. Be5 Rxc2 33. Kxc2 Bxe5 34. Rxe5 Rc5+ 35. Kd3 Kc6 36. Rh5 Rb5 37. Kc2 Rc5+ 38. Kb1 Kb5 39. Rxh3 Ka4 40. Rh7 Rc7 41. Rh5 Rd7 42. Kc2 Rc7+ 43. Kd3 Rb7 44. Rxd5 Rxb2 45. h4 Rh2 46. h5 Kb4 47. Ke4 Kc4 48. Rd7 Re2+ 49. Kf5 Re3 50. f4 Rf3 51. h6 1-0

[Event "Titled Tuesday intern op 7th Mar Early"]
[Site "Chess.com INT"]
[Date "2023.03.07"]
[Round "7"]
[White "Ezat, Mohamed Mahmoud"]
[Black "Lauridsen, Jesper Morch"]
[Result "1-0"]
[WhiteElo "2397"]
[BlackElo "2251"]
[PlyCount "69"]
[EventDate "2023.03.07"]
[EventType "swiss (blitz)"]
[EventRounds "11"]
[EventCountry "USA"]
[SourceTitle "EXT 2024"]
[Source "ChessBase"]
[SourceDate "2023.10.10"]
[SourceVersion "1"]
[SourceVersionDate "2023.10.10"]
[SourceQuality "1"]

1. d4 d5 2. c4 e6 3. Nc3 c5 4. cxd5 exd5 5. Nf3 Nf6 6. Bf4 Nc6 7. e3 cxd4 8. Nxd4 Bb4 9. Rc1 Ne4 10. Bd3 Nxd4 11. exd4 Nxc3 12. bxc3 Qe7+ 13. Be3 Bd6 14. 0-0 Qh4 15. g3 Qh3 16. Qf3 Bg4 17. Bb5+ Kf8 18. Qxd5 Rd8 19. Bg5 Be7 20. Bxe7+ Kxe7 21. Qg5+ f6 22. Qxg7+ Kd6 23. Qxf6+ Kc7 24. Qe5+ Kc8 25. Rfe1 Rhf8 26. Bf1 Qh6 27. Bg2 Qd2 28. Rf1 Be2 29. Qe4 Rd7 30. Rc2 Qd3 31. Qxe2 Qf5 32. Qe3 Qxc2 33. Qe6 Kd8 34. Bh3 Qa4 35. Qxd7+ 1-0

[Event "Titled Tuesday intern op 28th Feb Early"]
[Site "Chess.com INT"]
[Date "2023.02.28"]
[Round "9"]
[White "Chernomordik, Pavel"]
[Black "Lauridsen, Jesper Morch"]
[Result "0-1"]
[WhiteElo "2171"]
[BlackElo "2251"]
[PlyCount "82"]
[EventDate "2023.02.28"]
[EventType "swiss (blitz)"]
[EventRounds "11"]
[EventCountry "USA"]
[SourceTitle "CBM 213 Extra"]
[Source "ChessBase"]
[SourceDate "2023.05.31"]
[SourceVersion "1"]
[SourceVersionDate "2023.05.31"]
[SourceQuality "1"]

1. e4 c5 2. Nc3 e6 3. f4 d5 4. Nf3 dxe4 5. Bb5+ Bd7 6. Bxd7+ Nxd7 7. Nxe4 Ngf6 8. Qe2 Qc7 9. f5 Nxe4 10. Qxe4 0-0-0 11. fxe6 Re8 12. 0-0 Rxe6 13. Qf5 Bd6 14. d3 Kb8 15. Bg5 Re2 16. Qxf7 Rf8 17. Qxg7 h6 18. Bxh6 Qc8 19. Ng5 Rg8 20. Qf7 Ne5 21. Qd5 Rg6 22. Qxd6+ Rxd6 23. Rf8 Rd8 24. Rxd8 Qxd8 25. Ne4 Qd4+ 26. Kh1 Rxe4 27. dxe4 Ng4 28. Bf4+ Kc8 29. Bg3 Qxe4 30. Re1 Qxc2 31. h3 Nf2+ 32. Kh2 Nd3 33. Re8+ Kd7 34. Rg8 Nb4 35. Rg7+ Kc6 36. a3 Nd3 37. b4 b6 38. Rxa7 cxb4 39. Rc7+ Kb5 40. Rxc2 b3 41. Rd2 b2 0-1

[Event "Titled Tuesday intern op 28th Feb Early"]
[Site "Chess.com INT"]
[Date "2023.02.28"]
[Round "7"]
[White "Lauridsen, Jesper Morch"]
[Black "Balint, Vilmos"]
[Result "1/2-1/2"]
[WhiteElo "2251"]
[BlackElo "2210"]
[PlyCount "190"]
[EventDate "2023.02.28"]
[EventType "swiss (blitz)"]
[EventRounds "11"]
[EventCountry "USA"]
[SourceTitle "CBM 213 Extra"]
[Source "ChessBase"]
[SourceDate "2023.05.31"]
[SourceVersion "1"]
[SourceVersionDate "2023.05.31"]
[SourceQuality "1"]

1. e4 e6 2. c4 d5 3. cxd5 exd5 4. Qb3 dxe4 5. Bc4 Qe7 6. Nc3 c6 7. Nge2 b5 8. Nxb5 cxb5 9. Bxb5+ Bd7 10. Qd5 Bxb5 11. Qxa8 Qc7 12. Qxe4+ Be7 13. Nc3 Bc6 14. Qe2 Bxg2 15. Rg1 Bc6 16. d4 Nf6 17. Rxg7 Qxh2 18. Bg5 Qh1+ 19. Qf1 Qxf1+ 20. Kxf1 h6 21. Bh4 Nh5 22. Rg4 Bf3 23. Re1 Bxg4 24. Rxe7+ Kf8 25. Rxa7 Kg7 26. Ne4 Re8 27. Rxf7+ Kxf7 28. Nd6+ Kf8 29. Nxe8 Kxe8 30. a4 Nf4 31. Bg3 Bh3+ 32. Ke1 Ng2+ 33. Kd2 Nd7 34. a5 h5 35. a6 h4 36. a7 Nb6 37. Be5 Be6 38. Bf6 h3 39. Be5 Kd7 40. Bh2 Bd5 41. Kc3 Ne1 42. Kb4 Kc6 43. Ka5 Kb7 44. a8Q+ Nxa8 45. f4 Nf3 46. Bg3 h2 47. Bxh2 Nxh2 48. f5 Ng4 49. Kb5 Nf6 50. Kc5 Kc7 51. b4 Nb6 52. b5 Nc4 53. Kb4 Kb6 54. Kc3 Kxb5 55. Kd3 Kc6 56. Ke2 Kd6 57. Kf2 Nb6 58. Kg3 Be4 59. Kf4 Kd5 60. Kg5 Nbd7 61. Kg6 Kxd4 62. Kf7 Ke5 63. Ke7 Kxf5 64. Kd6 Ne5 65. Kc5 Ke6 66. Kd4 Bd5 67. Ke3 Kf5 68. Kd4 Kf4 69. Kc5 Ke4 70. Kd6 Nfg4 71. Ke7 Nc4 72. Kf8 Ke5 73. Kg7 Kf5 74. Kh7 Kf6 75. Kh8 Nce5 76. Kh7 Ne3 77. Kh8 Nf5 78. Kh7 Be6 79. Kh8 Ng6+ 80. Kh7 Nf8+ 81. Kh8 Nd7 82. Kh7 Nd6 83. Kh6 Bg4 84. Kh7 Bh5 85. Kg8 Bf7+ 86. Kh7 Nf8+ 87. Kh8 Ng6+ 88. Kh7 Be6 89. Kh6 Nf5+ 90. Kh5 Nf4+ 91. Kg4 Ke5 92. Kg5 Nd4 93. Kh4 Nde2 94. Kg5 Bf5 95. Kh6 Kf6 1/2-1/2

[Event "Titled Tuesday intern op 28th Feb Early"]
[Site "Chess.com INT"]
[Date "2023.02.28"]
[Round "1"]
[White "Lauridsen, Jesper Morch"]
[Black "Mamedov, Edgar"]
[Result "0-1"]
[WhiteElo "2251"]
[BlackElo "2281"]
[PlyCount "72"]
[EventDate "2023.02.28"]
[EventType "swiss (blitz)"]
[EventRounds "11"]
[EventCountry "USA"]
[SourceTitle "CBM 213 Extra"]
[Source "ChessBase"]
[SourceDate "2023.05.31"]
[SourceVersion "1"]
[SourceVersionDate "2023.05.31"]
[SourceQuality "1"]

1. e4 c6 2. d4 d5 3. exd5 cxd5 4. Nf3 Nc6 5. Bb5 e6 6. c4 Nf6 7. cxd5 Nxd5 8. 0-0 Bd6 9. Nc3 0-0 10. Bxc6 bxc6 11. Ne4 Be7 12. Qa4 Bd7 13. Nc5 Bxc5 14. dxc5 Qb8 15. Re1 f6 16. Nd4 e5 17. Nc2 a5 18. Ne3 Qb4 19. Qxb4 axb4 20. Nc4 Be6 21. Nb6 Ra5 22. Nxd5 Bxd5 23. Bd2 Bxa2 24. Bxb4 Ra4 25. Bc3 Rfa8 26. h3 Bd5 27. Rxa4 Rxa4 28. b4 Ra3 29. Rc1 Kf7 30. f3 Ke6 31. Kf2 Ra2+ 32. Kg3 g5 33. Ra1 Rc2 34. Be1 h5 35. Rd1 h4+ 36. Kg4 Rxg2+ 0-1

[Event "Titled Tuesday intern op 28th Feb Early"]
[Site "Chess.com INT"]
[Date "2023.02.28"]
[Round "5"]
[White "Lauridsen, Jesper Morch"]
[Black "Sanchez, Roberto Daniel"]
[Result "0-1"]
[WhiteElo "2251"]
[BlackElo "1971"]
[PlyCount "58"]
[EventDate "2023.02.28"]
[EventType "swiss (blitz)"]
[EventRounds "11"]
[EventCountry "USA"]
[SourceTitle "CBM 213 Extra"]
[Source "ChessBase"]
[SourceDate "2023.05.31"]
[SourceVersion "1"]
[SourceVersionDate "2023.05.31"]
[SourceQuality "1"]

1. c4 c6 2. e4 d5 3. exd5 cxd5 4. d4 Nf6 5. Nf3 Nc6 6. Nc3 e6 7. a3 Be7 8. cxd5 exd5 9. Bd3 0-0 10. h3 h6 11. Bf4 Be6 12. 0-0 Rc8 13. Bc2 a6 14. Qd3 b5 15. Rfe1 b4 16. Na4 Ne4 17. Qxa6 bxa3 18. bxa3 Nb4 19. axb4 Rxc2 20. Nc5 Bxc5 21. bxc5 Rxf2 22. Rxe4 dxe4 23. Kxf2 exf3 24. Bd6 Qh4+ 25. Kxf3 Bd5+ 26. Ke2 Re8+ 27. Be5 Qxd4 28. Qb5 Rxe5+ 29. Kf1 Bc4+ 0-1

[Event "Titled Tuesday intern op 28th Feb Early"]
[Site "Chess.com INT"]
[Date "2023.02.28"]
[Round "4"]
[White "Novosel, Lovro"]
[Black "Lauridsen, Jesper Morch"]
[Result "1-0"]
[WhiteElo "2353"]
[BlackElo "2251"]
[PlyCount "121"]
[EventDate "2023.02.28"]
[EventType "swiss (blitz)"]
[EventRounds "11"]
[EventCountry "USA"]
[SourceTitle "CBM 213 Extra"]
[Source "ChessBase"]
[SourceDate "2023.05.31"]
[SourceVersion "1"]
[SourceVersionDate "2023.05.31"]
[SourceQuality "1"]

1. d4 g6 2. c4 Bg7 3. Nf3 Nf6 4. g3 c5 5. Bg2 cxd4 6. Nxd4 Nc6 7. 0-0 0-0 8. Nc3 Qa5 9. e3 e6 10. a3 d5 11. b4 Qd8 12. cxd5 Nxd4 13. exd4 exd5 14. Bg5 h6 15. Bf4 Bg4 16. Qb3 Rc8 17. Be5 Ne4 18. Nxe4 dxe4 19. Bxe4 Bxe5 20. dxe5 Qd4 21. Bxb7 Rc3 22. Qd5 Qb6 23. Rfc1 Bf3 24. Qxf3 Rxf3 25. Bxf3 Re8 26. Re1 Qd4 27. Rad1 Qc3 28. Re3 Qb2 29. Rd7 Rxe5 30. Rxe5 Qxe5 31. Rxa7 Kg7 32. Kg2 h5 33. h4 Qb2 34. Bc6 Qd4 35. Ra8 Qc3 36. b5 f5 37. Ra7+ Kh6 38. Rf7 Qxa3 39. Rf6 Qc3 40. Rf8 Qc5 41. Rh8+ Kg7 42. Rd8 Qb6 43. Rd7+ Kh6 44. Rd3 f4 45. Rf3 fxg3 46. Rxg3 Qc5 47. Be8 Kg7 48. Bxg6 Kf8 49. Be4 Qxb5 50. Bf3 Qc5 51. Rg5 Qb4 52. Rxh5 Kg7 53. Kg3 Kg6 54. Rg5+ Kf6 55. Rg4 Qb8+ 56. Kg2 Qe5 57. Rg3 Qb2 58. h5 Qc1 59. Rg6+ Kf7 60. Rg4 Qh6 61. Rg3 1-0

[Event "Titled Tuesday intern op 21st Feb Early"]
[Site "Chess.com INT"]
[Date "2023.02.21"]
[Round "5"]
[White "Bortnyk, Mykola"]
[Black "Lauridsen, Jesper Morch"]
[Result "1-0"]
[WhiteElo "2442"]
[BlackElo "2251"]
[PlyCount "51"]
[EventDate "2023.02.21"]
[EventType "swiss (blitz)"]
[EventRounds "11"]
[EventCountry "USA"]
[SourceTitle "CBM 212 Extra"]
[Source "ChessBase"]
[SourceDate "2023.03.31"]
[SourceVersion "1"]
[SourceVersionDate "2023.03.31"]
[SourceQuality "1"]

1. e4 c5 2. c3 Nf6 3. e5 Nd5 4. Nf3 e6 5. d4 cxd4 6. cxd4 d6 7. Bc4 Nc6 8. 0-0 Be7 9. Qe2 0-0 10. a3 Bd7 11. Rd1 Rc8 12. Bd3 Na5 13. exd6 Bxd6 14. Nc3 Nxc3 15. bxc3 Ba4 16. Re1 Nb3 17. Bxh7+ Kxh7 18. Ng5+ Kg6 19. Qg4 f5 20. Qh4 Nxc1 21. Rxe6+ Rf6 22. Qh7+ Kxg5 23. Qxg7+ Kh5 24. Rxf6 Ne2+ 25. Kh1 Qxf6 26. Qxf6 1-0

[Event "Titled Tuesday intern op 21st Feb Early"]
[Site "Chess.com INT"]
[Date "2023.02.21"]
[Round "3"]
[White "Piskov, Yury"]
[Black "Lauridsen, Jesper Morch"]
[Result "1-0"]
[WhiteElo "2442"]
[BlackElo "2251"]
[PlyCount "61"]
[EventDate "2023.02.21"]
[EventType "swiss (blitz)"]
[EventRounds "11"]
[EventCountry "USA"]
[SourceTitle "CBM 212 Extra"]
[Source "ChessBase"]
[SourceDate "2023.03.31"]
[SourceVersion "1"]
[SourceVersionDate "2023.03.31"]
[SourceQuality "1"]

1. e4 c5 2. d4 cxd4 3. Qxd4 Nc6 4. Qe3 g6 5. Nc3 Bg7 6. Nf3 d6 7. Bc4 Nf6 8. h3 0-0 9. 0-0 Bd7 10. Rd1 Rc8 11. a3 Na5 12. Ba2 Rxc3 13. bxc3 b6 14. Rb1 Qc7 15. e5 dxe5 16. Qxe5 Qb7 17. Qxa5 Bxh3 18. Qa4 Bd7 19. Qf4 Nh5 20. Qd2 Bc6 21. Qe2 e6 22. Bb2 Nf4 23. Qe3 Bh6 24. Kh1 Kg7 25. Rd6 Nxg2 26. c4+ f6 27. Qxe6 Bxf3 28. Bxf6+ Rxf6 29. Qxf6+ Kg8 30. Rd8+ Bf8 31. Rxf8# 1-0

[Event "Titled Tuesday intern op 21st Feb Early"]
[Site "Chess.com INT"]
[Date "2023.02.21"]
[Round "7"]
[White "Reprintsev, Alexander"]
[Black "Lauridsen, Jesper Morch"]
[Result "1-0"]
[WhiteElo "2292"]
[BlackElo "2251"]
[PlyCount "69"]
[EventDate "2023.02.21"]
[EventType "swiss (blitz)"]
[EventRounds "11"]
[EventCountry "USA"]
[SourceTitle "CBM 212 Extra"]
[Source "ChessBase"]
[SourceDate "2023.03.31"]
[SourceVersion "1"]
[SourceVersionDate "2023.03.31"]
[SourceQuality "1"]

1. e4 c5 2. b3 Nc6 3. Bb2 e5 4. f4 d6 5. Qf3 exf4 6. Qxf4 Nge7 7. Bb5 Ng6 8. Bxc6+ bxc6 9. Qe3 Be7 10. Bxg7 Rg8 11. Bc3 Bg5 12. Qf2 Nf4 13. g3 Bg4 14. h4 Qe7 15. e5 Nd5 16. hxg5 Nxc3 17. Nxc3 Qxe5+ 18. Nge2 0-0-0 19. 0-0-0 Rde8 20. Rde1 Qxg5 21. Nf4 Re5 22. Rxe5 Qxe5 23. Re1 Qf6 24. Qe3 h5 25. Qe4 Kd7 26. Kb1 Bf5 27. Nxh5 Qg6 28. Qe7+ Kc8 29. Nf6 Bxc2+ 30. Kb2 Rd8 31. Nfe4 Bxe4 32. Rxe4 Qxg3 33. Qxa7 Qh2 34. Qa8+ Kd7 35. Qb7# 1-0

[Event "Titled Tuesday intern op 14th Feb Early"]
[Site "Chess.com INT"]
[Date "2023.02.14"]
[Round "1"]
[White "Lauridsen, Jesper Morch"]
[Black "Ezat, Mohamed Mahmoud"]
[Result "1-0"]
[WhiteElo "2251"]
[BlackElo "2400"]
[PlyCount "57"]
[EventDate "2023.02.14"]
[EventType "swiss (blitz)"]
[EventRounds "11"]
[EventCountry "USA"]
[SourceTitle "CBM 212 Extra"]
[Source "ChessBase"]
[SourceDate "2023.03.31"]
[SourceVersion "1"]
[SourceVersionDate "2023.03.31"]
[SourceQuality "1"]

1. Nf3 d5 2. b3 c6 3. Bb2 Bf5 4. c4 e6 5. d3 h6 6. Nbd2 Nf6 7. e3 Nbd7 8. Be2 Nc5 9. Ne5 Bd6 10. Ndf3 Qa5+ 11. Kf1 Qc7 12. cxd5 exd5 13. h3 0-0 14. Rc1 Rfe8 15. g4 Bh7 16. g5 hxg5 17. Ng4 Nxg4 18. hxg4 f6 19. Nd4 Bg6 20. b4 Nd7 21. Bf3 Kf7 22. Bxd5+ Ke7 23. Be4 Rh8 24. Rxh8 Rxh8 25. Qb3 Bf7 26. Nf5+ Kf8 27. Qa3 a5 28. Nxd6 Qxd6 29. bxa5 1-0

[Event "Titled Tuesday intern op 14th Feb Early"]
[Site "Chess.com INT"]
[Date "2023.02.14"]
[Round "7"]
[White "Lauridsen, Jesper Morch"]
[Black "Zacurdajev, Dmitry"]
[Result "1/2-1/2"]
[WhiteElo "2251"]
[BlackElo "2273"]
[PlyCount "89"]
[EventDate "2023.02.14"]
[EventType "swiss (blitz)"]
[EventRounds "11"]
[EventCountry "USA"]
[SourceTitle "CBM 212 Extra"]
[Source "ChessBase"]
[SourceDate "2023.03.31"]
[SourceVersion "1"]
[SourceVersionDate "2023.03.31"]
[SourceQuality "1"]

1. e4 c6 2. d4 d5 3. exd5 cxd5 4. c4 Nf6 5. Nc3 g6 6. Nf3 Bg7 7. cxd5 0-0 8. h3 Nxd5 9. Bc4 Nxc3 10. bxc3 Qc7 11. Qb3 Nc6 12. Bd3 Be6 13. Qc2 Rac8 14. 0-0 Nxd4 15. Nxd4 Bxd4 16. cxd4 Qxc2 17. Bxc2 Rxc2 18. Bh6 Rd8 19. a4 Rxd4 20. Be3 Rb4 21. Bxa7 Rbb2 22. a5 Bc4 23. Rfc1 f6 24. Rxc2 Rxc2 25. Be3 Kf7 26. Rc1 Rxc1+ 27. Bxc1 e5 28. f3 Ke6 29. Be3 Kd5 30. Kf2 f5 31. Bb6 h5 32. g4 e4 33. gxh5 gxh5 34. f4 Bb3 35. h4 Kc4 36. Ke3 Kc3 37. Bc5 Kc2 38. Bb4 Bc4 39. Bd2 Kb3 40. Be1 Ka4 41. Bd2 Kb3 42. Be1 Kc2 43. Bb4 Kd1 44. Bc3 Bf1 45. Bb4 1/2-1/2

[Event "Aarhus-chB"]
[Site "Aarhus"]
[Date "2023.02.11"]
[Round "2"]
[White "Hansen, John3333"]
[Black "Lauridsen, Jesper Morch"]
[Result "0-1"]
[WhiteElo "2077"]
[BlackElo "2251"]
[PlyCount "95"]
[EventDate "2023.02.10"]
[EventType "tourn"]
[EventRounds "5"]
[EventCountry "DEN"]
[SourceTitle "EXT 2024"]
[Source "ChessBase"]
[SourceDate "2023.10.10"]
[SourceVersion "1"]
[SourceVersionDate "2023.10.10"]
[SourceQuality "1"]

1. e4 c5 2. Nc3 e6 3. g3 d5 4. Bg2 dxe4 5. Nxe4 Bd7 6. Nf3 Nc6 7. 0-0 Nf6 8. d3 Be7 9. Re1 0-0 10. Nc3 Qb6 11. Nd2 Nd4 12. Nc4 Qa6 13. Ne5 Rad8 14. Nxd7 Rxd7 15. Be3 Nf5 16. Qe2 Nxe3 17. fxe3 b5 18. Nd1 Nd5 19. Nf2 Qb6 20. Kh1 c4 21. d4 c3 22. b3 b4 23. Nd3 Bg5 24. Ne5 Rdd8 25. Bxd5 Rxd5 26. a4 a5 27. Rf1 Qb7 28. Qf3 Bxe3 29. Nc4 Bxd4 30. Nxa5 Qa8 31. Nc4 Rf5 32. Qxa8 Rxf1+ 33. Rxf1 Rxa8 34. Kg2 f6 35. Kf3 Kf7 36. Ke4 Rd8 37. a5 f5+ 38. Kf3 e5 39. a6 Ra8 40. Ra1 Ke6 41. Ke2 g5 42. Kd3 h5 43. Ra5 g4 44. Ne3 Rd8 45. Ke2 Bb6 46. Rxe5+ Kxe5 47. Nc4+ Kd5 48. Nxb6+ 0-1